[Event "IECG CN.2002.0.00296 email"]
[Site "IECG email"]
[Date "2002.05.28"]
[Round "?"]
[White "O'Riordan, Niall"]
[Black "Brown, Rick"]
[Result "1-0"]
[WhiteElo "507"]
[BlackElo "875"]
[PlyCount "59"]
[EventDate "2002.05.28"]
[EventType "tourn (corr)"]
[EventRounds "6"]
[SourceTitle "Corr 2008"]
[Source "ChessBase"]
[SourceDate "2008.06.24"]
[SourceVersion "1"]
[SourceVersionDate "2008.06.24"]
[SourceQuality "1"]

1. e4 e5 2. Nf3 Nc6 3. Bb5 a6 4. Bxc6 bxc6 5. 0-0 d6 6. Nc3 Nf6 7. d4 Bb7 8. dxe5 dxe5 9. Qxd8+ Rxd8 10. Bg5 Bd6 11. Rad1 Rd7 12. Bxf6 gxf6 13. Rd3 Ke7 14. Rfd1 c5 15. Nd5+ Bxd5 16. exd5 Rb8 17. b3 Kf8 18. Nd2 Rb4 19. Nc4 e4 20. Rh3 Kg7 21. c3 Rb8 22. Na5 Be5 23. c4 f5 24. Nc6 Re8 25. Rh5 Kg6 26. g4 Rd6 27. Rxf5 Bb2 28. Rd2 Bc1 29. Rc2 Bh6 30. Ne5+ 1-0

[Event "IECG CN.2002.0.00296 email"]
[Site "IECG email"]
[Date "2002.05.28"]
[Round "?"]
[White "O'Riordan, Niall"]
[Black "Campbell, Graham G"]
[Result "1-0"]
[WhiteElo "507"]
[BlackElo "808"]
[PlyCount "51"]
[EventDate "2002.05.28"]
[EventType "tourn (corr)"]
[EventRounds "6"]
[SourceTitle "Corr 2008"]
[Source "ChessBase"]
[SourceDate "2008.06.24"]
[SourceVersion "1"]
[SourceVersionDate "2008.06.24"]
[SourceQuality "1"]

1. e4 e5 2. Qh5 d6 3. Bc4 g6 4. Qd1 Nf6 5. Nf3 Nxe4 6. 0-0 Bg4 7. d3 Nf6 8. Bg5 Be7 9. Nbd2 Nc6 10. Bb5 Bd7 11. Ne4 Nxe4 12. Bxe7 Nxe7 13. Bxd7+ Qxd7 14. dxe4 0-0-0 15. Ng5 Rdf8 16. c4 h6 17. Nf3 f5 18. Qd3 fxe4 19. Qxe4 Rf4 20. Qe3 Kb8 21. c5 Rhf8 22. cxd6 cxd6 23. Rad1 e4 24. Nd4 d5 25. Ne2 Rh4 26. Qg3+ 1-0

[Event "IECG CN.2002.0.00296 email"]
[Site "IECG email"]
[Date "2002.05.28"]
[Round "?"]
[White "O'Riordan, Niall"]
[Black "Canova, Marco"]
[Result "1-0"]
[WhiteElo "507"]
[BlackElo "800"]
[PlyCount "51"]
[EventDate "2002.05.28"]
[EventType "tourn (corr)"]
[EventRounds "6"]
[SourceTitle "Corr 2008"]
[Source "ChessBase"]
[SourceDate "2008.06.24"]
[SourceVersion "1"]
[SourceVersionDate "2008.06.24"]
[SourceQuality "1"]

1. e4 e5 2. Nf3 Nc6 3. Bb5 Nge7 4. Nc3 a6 5. Bxc6 Nxc6 6. d3 Bb4 7. Bd2 Bxc3 8. Bxc3 d6 9. d4 exd4 10. Nxd4 0-0 11. 0-0 Ne5 12. Nf5 Bxf5 13. exf5 f6 14. Bxe5 dxe5 15. Qf3 Qd4 16. Qb3+ Kh8 17. Qxb7 c5 18. Rfd1 Qh4 19. Rd7 Rg8 20. Rxg7 Rxg7 21. Qxa8+ Rg8 22. Qxa6 Rd8 23. Qb6 Qd4 24. Qxf6+ Kg8 25. Re1 Qe4 26. Qxd8+ 1-0

[Event "IECG CN.2001.0.00269"]
[Site "IECG email"]
[Date "2001.11.22"]
[Round "?"]
[White "O'Riordan, Niall"]
[Black "Champion, Christopher"]
[Result "0-1"]
[WhiteElo "800"]
[BlackElo "888"]
[PlyCount "36"]
[EventDate "2001.11.22"]
[EventType "tourn (corr)"]
[EventRounds "6"]
[SourceTitle "Corr 2008"]
[Source "ChessBase"]
[SourceDate "2008.06.24"]
[SourceVersion "1"]
[SourceVersionDate "2008.06.24"]
[SourceQuality "1"]

1. e4 c5 2. Bc4 e6 3. d4 cxd4 4. Nf3 Nf6 5. Nxd4 Nxe4 6. 0-0 d5 7. Bd3 e5 8. f3 Bc5 9. c3 Nd6 10. Be3 exd4 11. cxd4 Bb6 12. Re1 0-0 13. Qc2 Nc6 14. Bxh7+ Kh8 15. Bd3 Re8 16. Nc3 Rxe3 17. Rxe3 Bxd4 18. Qd2 Bxe3+ 0-1

[Event "IECG QN.2001.0.00200"]
[Site "IECG email"]
[Date "2001.11.11"]
[Round "?"]
[White "O'Riordan, Niall"]
[Black "Pozzi, Igor"]
[Result "0-1"]
[WhiteElo "800"]
[BlackElo "800"]
[PlyCount "46"]
[EventDate "2001.11.11"]
[EventType "tourn (corr)"]
[EventRounds "6"]
[SourceTitle "Corr 2008"]
[Source "ChessBase"]
[SourceDate "2008.06.24"]
[SourceVersion "1"]
[SourceVersionDate "2008.06.24"]
[SourceQuality "1"]

1. e4 c5 2. c4 d6 3. Nc3 Nc6 4. Nf3 Nf6 5. d3 g6 6. Bg5 Bg7 7. Be2 Qb6 8. Qb3 Qxb3 9. axb3 0-0 10. Bxf6 Bxf6 11. 0-0 Bg7 12. Rfd1 Bg4 13. d4 Bxf3 14. Bxf3 Nxd4 15. e5 Nxf3+ 16. gxf3 Bxe5 17. Ne4 Bxb2 18. Rab1 Bg7 19. b4 cxb4 20. Rxb4 b6 21. Rb3 Rfc8 22. Rc1 d5 23. Nd2 Bh6 0-1

[Event "IECG QN.2001.0.00200"]
[Site "IECG email"]
[Date "2001.11.11"]
[Round "?"]
[White "Pozzi, Igor"]
[Black "O'Riordan, Niall"]
[Result "1-0"]
[WhiteElo "800"]
[BlackElo "800"]
[PlyCount "27"]
[EventDate "2001.11.11"]
[EventType "tourn (corr)"]
[EventRounds "6"]
[SourceTitle "Corr 2008"]
[Source "ChessBase"]
[SourceDate "2008.06.24"]
[SourceVersion "1"]
[SourceVersionDate "2008.06.24"]
[SourceQuality "1"]

1. d4 d5 2. c4 dxc4 3. e4 Nc6 4. Nf3 Bg4 5. Bxc4 Nf6 6. Qb3 e6 7. Qxb7 Nxd4 8. Nxd4 Bc5 9. Qc6+ Nd7 10. Nb3 Bb4+ 11. Bd2 Qb8 12. Bxb4 Qxb4+ 13. N1d2 Qb6 14. Qxa8+ 1-0

[Event "IECG QN.2001.0.00183"]
[Site "IECG email"]
[Date "2001.05.30"]
[Round "?"]
[White "Suydam, Terren"]
[Black "O'Riordan, Niall"]
[Result "1-0"]
[WhiteElo "800"]
[BlackElo "800"]
[PlyCount "33"]
[EventDate "2001.05.30"]
[EventType "tourn (corr)"]
[EventRounds "6"]
[SourceTitle "Corr 2008"]
[Source "ChessBase"]
[SourceDate "2008.06.24"]
[SourceVersion "1"]
[SourceVersionDate "2008.06.24"]
[SourceQuality "1"]

1. d4 Nc6 2. d5 Nb8 3. e4 e6 4. Nf3 Bb4+ 5. c3 Bd6 6. Qd4 Nf6 7. e5 Nxd5 8. exd6 cxd6 9. Qxg7 Qf6 10. Bh6 Qxg7 11. Bxg7 Rg8 12. Bh6 Rg6 13. c4 Rxh6 14. cxd5 b6 15. Nc3 Ba6 16. Nb5 Bb7 17. Nxd6+ 1-0